00695nam a22002177a 45000010005000000030006000050050017000110080041000280200018000690400029000871000019001162450120001352600036002553000048002914900016003395050008003555200034003635210020003975210020004176500040004373115FISKH20250807150118.0240207b cb ||||| |||| 00| 0 eng d a9780531218303 aFISKHbengcFISKHdFISKh aKoponen, Libby aNorth America :bLake superior has the largest surface area of any freshwater lake in the world/cby Koponen, Libby aNew York :bScholastic , c2009 a48 pages :bcolor illustrations ;c22 cm .  a True Books aR  aAn overview of North America.8 a740 bLexile 8 aR bRaz-Plus  aNorth America vjuvenile literature